000
00302nam a22001217a 4500
999
_c
18125
_d
18125
008
191209b xxu||||| |||| 00| 0 eng d
020
_a
9036615623
100
_a
Schippers, Hans L.
245
_a
Rabbits
_c
Hans l. Schippers
260
_a
UK
_b
Rebo Publishers
_c
2006
300
_a
111p.
942
_2
lcc
_c
BK